Umístění organizace poskytující služby a distribuční kanály Seriál o marketingovém mixu služeb. 3
Rozhodnutie o umiestnení organizácie a voľba distribučných kanálov sú ovplyvňované hlavne tým, že služby nie je možné skladovať. Rozmiestenie poskytovaných služieb. Požiadavky trhu. Distribučné kanály.
Gespeichert in:
| 1. Verfasser: | |
|---|---|
| Format: | Buchkapitel |
| Sprache: | Tschechisch |
| Schlagworte: | |
| Tags: |
Keine Tags, Fügen Sie das erste Tag hinzu!
|
MARC
| LEADER | 00000naa a2200000 4500 | ||
|---|---|---|---|
| 001 | r026982 | ||
| 005 | 20230522111809.6 | ||
| 041 | 0 | |a cze | |
| 044 | |a CZ | ||
| 245 | 1 | 0 | |a Umístění organizace poskytující služby a distribuční kanály |b Seriál o marketingovém mixu služeb. 3 |c L. Janečková |
| 520 | |a Rozhodnutie o umiestnení organizácie a voľba distribučných kanálov sú ovplyvňované hlavne tým, že služby nie je možné skladovať. Rozmiestenie poskytovaných služieb. Požiadavky trhu. Distribučné kanály. | ||
| 610 | 2 | 0 | |a marketing mix |
| 610 | 2 | 0 | |a služby |
| 610 | 2 | 0 | |a distribúcia |
| 610 | 2 | 0 | |a kanály distribučné |
| 610 | 2 | 0 | |a zákazníci |
| 610 | 2 | 0 | |a inovácia |
| 610 | 2 | 0 | |a rozmiestenie podnikov |
| 100 | 1 | |a Janečková, Lidmila | |